1759 1152 1348 1830 1855 1063 1910 1586 1145 1086 1045 1950 1859 1888 1524 1414 1978 1611 1711 1305 1519 1878 1897 1994 1308 1621 1180 1936 1297 1974 1582 1104 1954 1885 1155 1229 1558 1103 1570 1496 1178 1231 1688 1396 1991 1807 1757 1132 1626 1374 1207 1455 1711 1220 1656 1158 1835 1192 1557 1508 1959 1120 1225 1426 1270 1632 1404 1243 1646 1396 1181 1135 1945 1540 1917 1048 1363 1590 1421 1440 1817 1169 1159 1337 1877 1106 1287 1075 1569 1733 1664 1360 1950 1616 1968 1061 1127 1005 1643 BCNSPRNW ULIB Ver.6.0+V

เปลี่ยนเป็นภาษาไทย

Change to English
 แสดงรายละเอียดบรรณานุกรม
  กลับหน้าหลัก

Brief Record : Get Marc (ISO 2709) : E-mail record : QR code < ปิดหน้าต่าง
LEADER : 00000nam 2200000uu 4500
001    13399126356
003     ULIB
008    180911s2560||||th 000 0 tha d
020    ^a9786160437832
050 ^a ^aLC94.T5 ^bย626ฝ
100 ^a ^aยะมะซะกิ, อะกะชิ
245 ^a ^aฝึกคิดเป็นเหตุเป็นผล / ^cAkashi Yamazaki, เขียน ; อังคณา รัตนจันทร์, แปล
250 ^a ^aพิมพ์ครั้งที่ 1
260 ^a ^aกรุงเทพฯ : ^bนานมีบุ๊คส์, ^c2560
300 ^a ^a128 หน้า : ^bภาพประกอบ
440 ^a ^aทักษะการทำงาน ฝึกได้ตั้งแต่วัยเรียน
650 ^a ^aการคิดและความคิด
700 ^a อังคณา รัตนจันทร์, ^eผู้แปล
945    ^p245^l0^i004589
999    ^aประนอม เกษจรัล
รายการนี้ยังไม่มีแท็ก
คุณยังไม่ได้ล็อกอิน คุณสามารถมีกิจกรรมร่วมกับเว็บไซต์ได้ แต่ต้องล็อกอินก่อน ::
  ล็อกอิน

รายการสื่อสารสนเทศ

ลำดับที่ ประเภท เลขเรียก/บาร์โค้ด สถานที่ สถานะ
1. การศึกษาทั่วไป
หนังสือสำรอง
สถานะ=หนังสือสำรอง
LC94.T5 ย626ฝ ฉ.1 
  Barcode: 004589
ห้องสมุดวิทยาเขตสวรรค์ประชารักษ์
►หนังสือทั่วไป
บนชั้น

รายการใกล้เคียง
    ผู้แต่ง [ยะมะซะกิ, อะกะชิ]

    หัวเรื่อง [การคิดและความคิด]

BibComment


ยังไม่เคยถูกคอมเมนท์

คอมเมนท์ทรัพยากรรายการนี้
  คอมเมนท์: ฝึกคิดเป็นเหตุเป..


 Copyright 2026. Bcnsprnw @Library